• 首页
  • 本馆介绍
  • 公告通知
  • 最新文献
  • 馆藏检索
  • 电子资源
  • 读者导购
  • 参考咨询
  • 我的图书馆
  • 登录
  • 详细信息显示
  • 放入我的书架
  • 预约/预借图书
  • 作者相关作品
  • 分类相关作品
  • 丛书相关作品
  • 出版社相关作品

书目信息

  • 表格格式
  • 工作单格式
  • 卡片格式
题名:
南岳旅游文化
    
 
作者: 刘国武, , 申秀英, 编著
分册:  
出版信息: 北京   光明日报出版社  2019
页数: 244页
开本: 25cm
丛书名: 光明社科文库
单 册:
中图分类: K928.3
科图分类:
主题词:
电子资源:
ISBN: 978-7-5194-4790-8
000 01249nam 2200301 450
001 012001011161
005 20140101115317.0
010    @a978-7-5194-4790-8@b精装@dCNY85.00
099    @aCAL 012019071104
100    @a20190604d2019 em y0chiy50 ea
101 0  @achi
102    @aCN@b110000
105    @aak a 000yy
106    @ar
200 1  @a南岳旅游文化@Anan yue lv you wen hua@f刘国武, 申秀英编著
210    @a北京@c光明日报出版社@d2019
215    @a244页@c图@d25cm
225 2  @a光明社科文库@Aguang ming she ke wen ku
300    @a“聚落文化遗产数字化技术与应用”湖南省重点实验室2013-2014年度开放基金立项项目 (项目编号: JL14K02) 湖南省普通高校“十三五”旅游管理专业综合改革试点项目 (湘教通 [2016] 276号)
320    @a有书目 (第241-243页)
330    @a本书主要是在前人或当今学者对南岳衡山历史文化研究的基础上进行探讨, 重点研究南岳的火文化、寿文化、宗教文化 (佛教文化、道教文化)、书院文化、民俗文化、祭祀文化等, 同时介绍与南岳旅游相关的内容, 以及古代诗文等。
410  0 @12001 @a光明社科文库
607    @a衡山@Aheng shan@x旅游文化
690    @aK928.3@v4
701  0 @a刘国武,@Aliu guo wu@f1965-@4编著
701  0 @a申秀英,@Ashen xiu ying@f1963-@4编著
801  0 @aCN@b上海新华@c20191020
905    @b1138121-4@dK928.3@e1170@f4
    
    南岳旅游文化/刘国武, 申秀英编著.-北京:光明日报出版社,2019
    244页:图;25cm.-(光明社科文库)
    “聚落文化遗产数字化技术与应用”湖南省重点实验室2013-2014年度开放基金立项项目 (项目编号: JL14K02) 湖南省普通高校“十三五”旅游管理专业综合改革试点项目 (湘教通 [2016] 276号)
    
    ISBN 978-7-5194-4790-8(精装):CNY85.00
    本书主要是在前人或当今学者对南岳衡山历史文化研究的基础上进行探讨, 重点研究南岳的火文化、寿文化、宗教文化 (佛教文化、道教文化)、书院文化、民俗文化、祭祀文化等, 同时介绍与南岳旅游相关的内容, 以及古代诗文等。
●
相关链接 在E读中查询图书 在五车中查询图书 在当当中查询图书 在豆瓣中查询图书


正题名:南岳旅游文化     索取号:K928.3/1170         预约/预借

序号 登录号 条形码 馆藏地/架位号 状态 备注
1 1138121   211381217   第二样本阅览室/ [索取号:K928.3/1170] 在馆    
2 1138122   211381226   第二借阅区/ [索取号:K928.3/1170] 在馆    
3 1138123   211381235   第二借阅区/ [索取号:K928.3/1170] 在馆    
4 1138124   211381244   第二借阅区/ [索取号:K928.3/1170] 在馆    
唐山师范学院图书馆 欢迎您!
大连网信软件有限公司© 版权所有